2022 FIFA World Cup Group E - Japan - Costa Rica - Statistics

General Stats
  • This quiz has been taken 47 times
  • The average score is 13 of 33
Answer Stats
Player % Correct
Keylor Navas
94%
Joel Campbell
75%
Hiroki Ito
67%
Junya Ito
67%
Wataru Endo
64%
Maya Yoshida
61%
Takumi Minamino
58%
Daichi Kamada
56%
Kaoru Mitoma
56%
Ritsu Dōan
53%
Ko Itakura
50%
Bryan Oviedo
47%
Takuma Asano
47%
Yuto Nagatomo
47%
Óscar Duarte
44%
Shūichi Gonda
44%
Celso Borges
42%
Keysher Fuller ¹
42%
Kendall Waston
31%
Yeltsin Tejeda
31%
Ayase Ueda
28%
Hajime Moriyasu
28%
Hidemasa Morita
28%
Anthony Contreras
25%
Jewison Bennette
22%
Brandon Aguilera
19%
Yuki Soma
19%
Gerson Torres
17%
Luis Fernando Suárez
17%
Miki Yamane
17%
Francisco Calvo
14%
Youstin Salas
11%
Daniel Chacón
8%
No matching quizzes found
Score Distribution
Percent of People with Each Score
Percentile by Number Answered
Your Score History
You have not taken this quiz